| 000 | 00897nam a2200289 a 4500 | ||
|---|---|---|---|
| 008 | |||
| 020 | _a9781455745456 (paperback) | ||
| 040 |
_aNUST _cNUST |
||
| 049 | _aMAIN | ||
| 090 |
_aRA427 _bLEI |
||
| 100 | 1 | _aLeifer, Gloria | |
| 245 | 1 | 0 |
_aGrowth and development across the lifespan: _ba health promotion focus/ _cGLeifer, Gloria. |
| 250 | _aSecond edition | ||
| 260 |
_aMissouri: Elservier, _c2013. |
||
| 300 |
_axvi, 316 pages : _billustrations ; 20 cm. |
||
| 336 |
_atext _btxt _2rdacontent |
||
| 337 |
_aunmediated _bnc _2rdamedia |
||
| 338 |
_aVolume _bnc _2rdacarrier |
||
| 500 | _aIncludes index | ||
| 650 | _aHealth promotion | ||
| 650 | 1 |
_aHuman development _xnurse's intructions |
|
| 650 | _aHealth Education | ||
| 907 |
_a.b10419743 _b20-09-22 _c20-09-22 |
||
| 003 | |||
| 005 | 20230904150039.0 | ||
| 942 |
_cBOOKS _kRA427 _mLEI _02 |
||
| 999 |
_c170434 _d170434 |
||